00699cam a22001691 4500082001500000100003200015245019600047250001400243260004500257300001900302526003700321650003300358650001300391942001200404999001900416952009400435 a370.1bMOH1 aRafiuddin, Muhammad.94708410aFirst principles of education;ban analysis of the natural and perfect development of the human personality as distinguished from the various forms of its unnatural and imperfect development. a[1st ed.] aKarachi,bIqbal Academy Pakistanc[1961] a308 p.c24 cm. a0b0c0d370_100000000000000_MOH 0aEducationxPhilosophy.94188 0aMCE9379 2ddccBK c550388d550388 00102ddc4070aMCEbMCEd2014-11-07l0o370.1 MOHpMCE-1764r2014-11-07w2014-11-07yBK